Genoma: la autobiografía de una especie en 23 capítulos
Guardat en:
| Autor principal: | |
|---|---|
| Format: | Llibre |
| Idioma: | espanyol |
| Publicat: |
Madrid
Taurus
2001
|
| Edició: | 3a. ed |
| Matèries: | |
| Etiquetes: |
Afegir etiqueta
Sense etiquetes, Sigues el primer a etiquetar aquest registre!
|
MARC
| LEADER | 00000nam a2200000 a 4500 | ||
|---|---|---|---|
| 001 | UCM5103 | ||
| 003 | CL-VaPUC | ||
| 008 | 020927e20010200SP |||||||||||||||||spa|d | ||
| 082 | 0 | 4 | |a 576.5 |b RID |2 21 |
| 100 | 0 | |a Ridley, Matt |e author |9 471443 | |
| 245 | 1 | 0 | |a Genoma: la autobiografía de una especie en 23 capítulos |
| 250 | |a 3a. ed | ||
| 300 | |a 388 p | ||
| 942 | |c BK | ||
| 945 | |d 20020927 00:00:00 |a cmena | ||
| 260 | |a Madrid |b Taurus |c 2001 | ||
| 650 | 7 | |a GENOMA HUMANO |2 CL-VaPUC |9 467807 | |
| 650 | 0 | |a Herencia |9 256325 | |
| 650 | 0 | |a Genética |9 259443 | |
| 650 | 0 | |a Cromosomas |9 344073 | |
| 583 | |a last modification |c 20020927 00:00:00 |k Rodrigo Vera | ||
| 999 | |c 301388 |d 301386 | ||
| 952 | |0 0 |1 0 |4 0 |6 576_500000000000000_RID_2001 |7 0 |8 A |9 360288 |a BIBTEO |b BIBTEO |d 2019-11-21 |i 3835561 |o 576.5 RID 2001 |p 3835561 |r 2025-01-17 |w 2019-11-21 |y BK |k ICR | ||